<?xml version="1.0" encoding="UTF-8"?>
<record
    xmlns:xsi="http://www.w3.org/2001/XMLSchema-instance"
    xsi:schemaLocation="http://www.loc.gov/MARC21/slim http://www.loc.gov/standards/marcxml/schema/MARC21slim.xsd"
    xmlns="http://www.loc.gov/MARC21/slim">

  <leader>01092nam a22002297a 4500</leader>
  <datafield tag="999" ind1=" " ind2=" ">
    <subfield code="c">52491</subfield>
    <subfield code="d">52491</subfield>
  </datafield>
  <controlfield tag="005">20251125233023.0</controlfield>
  <controlfield tag="008">      s2549    th                  tha d</controlfield>
  <datafield tag="020" ind1=" " ind2=" ">
    <subfield code="a">9740830503</subfield>
  </datafield>
  <datafield tag="040" ind1=" " ind2=" ">
    <subfield code="a">&#xE4C;NALT</subfield>
  </datafield>
  <datafield tag="041" ind1=" " ind2=" ">
    <subfield code="a">tha</subfield>
  </datafield>
  <datafield tag="090" ind1=" " ind2=" ">
    <subfield code="a">KE 152 </subfield>
    <subfield code="b">&#xE2A;413&#xE04; 2548 &#xE25;.4</subfield>
  </datafield>
  <datafield tag="110" ind1="2" ind2=" ">
    <subfield code="a">&#xE2A;&#xE27;&#xE31;&#xE2A;&#xE14;&#xE34;&#xE01;&#xE32;&#xE23;&#xE2A;&#xE33;&#xE19;&#xE31;&#xE01;&#xE07;&#xE32;&#xE19;&#xE28;&#xE32;&#xE25;&#xE1B;&#xE01;&#xE04;&#xE23;&#xE2D;&#xE07;</subfield>
    <subfield code="9">11419</subfield>
  </datafield>
  <datafield tag="245" ind1="1" ind2="0">
    <subfield code="a">&#xE04;&#xE33;&#xE1E;&#xE34;&#xE1E;&#xE32;&#xE01;&#xE29;&#xE32;&#xE41;&#xE25;&#xE30;&#xE04;&#xE33;&#xE2A;&#xE31;&#xE48;&#xE07;&#xE28;&#xE32;&#xE25;&#xE1B;&#xE01;&#xE04;&#xE23;&#xE2D;&#xE07;&#xE2A;&#xE39;&#xE07;&#xE2A;&#xE38;&#xE14; &#xE1E;.&#xE28;. 2548 &#xE40;&#xE25;&#xE48;&#xE21; 4 /</subfield>
    <subfield code="c">&#xE2A;&#xE27;&#xE31;&#xE2A;&#xE14;&#xE34;&#xE01;&#xE32;&#xE23;&#xE2A;&#xE33;&#xE19;&#xE31;&#xE01;&#xE07;&#xE32;&#xE19;&#xE28;&#xE32;&#xE25;&#xE1B;&#xE01;&#xE04;&#xE23;&#xE2D;&#xE07;</subfield>
  </datafield>
  <datafield tag="260" ind1=" " ind2=" ">
    <subfield code="a">&#xE01;&#xE23;&#xE38;&#xE07;&#xE40;&#xE17;&#xE1E;&#xE2F; : </subfield>
    <subfield code="b">&#xE2A;&#xE27;&#xE31;&#xE2A;&#xE14;&#xE34;&#xE01;&#xE32;&#xE23;&#xE2A;&#xE33;&#xE19;&#xE31;&#xE01;&#xE07;&#xE32;&#xE19;&#xE28;&#xE32;&#xE25;&#xE1B;&#xE01;&#xE04;&#xE23;&#xE2D;&#xE07;, </subfield>
    <subfield code="c">2549.</subfield>
  </datafield>
  <datafield tag="300" ind1=" " ind2=" ">
    <subfield code="a">154 &#xE2B;&#xE19;&#xE49;&#xE32; ;</subfield>
    <subfield code="c">26 &#xE0B;&#xE21;.</subfield>
  </datafield>
  <datafield tag="610" ind1=" " ind2="4">
    <subfield code="9">18252</subfield>
    <subfield code="a">&#xE28;&#xE32;&#xE25;&#xE1B;&#xE01;&#xE04;&#xE23;&#xE2D;&#xE07;</subfield>
    <subfield code="x">&#xE04;&#xE33;&#xE2A;&#xE31;&#xE48;&#xE07;</subfield>
  </datafield>
  <datafield tag="650" ind1=" " ind2="4">
    <subfield code="a">&#xE04;&#xE33;&#xE1E;&#xE34;&#xE1E;&#xE32;&#xE01;&#xE29;&#xE32;&#xE28;&#xE32;&#xE25;</subfield>
    <subfield code="9">11422</subfield>
    <subfield code="x">&#xE04;&#xE14;&#xE35;&#xE1B;&#xE01;&#xE04;&#xE23;&#xE2D;&#xE07;</subfield>
  </datafield>
  <datafield tag="850" ind1=" " ind2=" ">
    <subfield code="a">NALT</subfield>
  </datafield>
  <datafield tag="856" ind1="4" ind2="0">
    <subfield code="u">https://hdl.handle.net/20.500.14156/460749</subfield>
    <subfield code="7">1</subfield>
  </datafield>
  <datafield tag="942" ind1=" " ind2=" ">
    <subfield code="c">LB</subfield>
    <subfield code="2">local</subfield>
  </datafield>
  <datafield tag="998" ind1=" " ind2=" ">
    <subfield code="j">104</subfield>
    <subfield code="k"> &#xE2A;&#xE32;&#xE22;&#xE1D;&#xE19; &#xE14;&#xE35;&#xE07;&#xE32;&#xE21;</subfield>
  </datafield>
  <datafield tag="952" ind1=" " ind2=" ">
    <subfield code="0">0</subfield>
    <subfield code="1">0</subfield>
    <subfield code="2">local</subfield>
    <subfield code="4">0</subfield>
    <subfield code="7">0</subfield>
    <subfield code="8">CLAW</subfield>
    <subfield code="a">NALT</subfield>
    <subfield code="b">NALT</subfield>
    <subfield code="g">120.00</subfield>
    <subfield code="l">0</subfield>
    <subfield code="o">KE 152 &#xE2A;413&#xE04; 2548 &#xE25;.4</subfield>
    <subfield code="p">3961167798</subfield>
    <subfield code="r">2017-06-09 00:00:00</subfield>
    <subfield code="t">&#xE25;. 1 &#xE09;. 4</subfield>
    <subfield code="v">170.00</subfield>
    <subfield code="w">2017-06-09</subfield>
    <subfield code="y">LB</subfield>
  </datafield>
  <datafield tag="952" ind1=" " ind2=" ">
    <subfield code="0">0</subfield>
    <subfield code="1">0</subfield>
    <subfield code="2">local</subfield>
    <subfield code="4">0</subfield>
    <subfield code="7">0</subfield>
    <subfield code="8">CLAW</subfield>
    <subfield code="a">NALT</subfield>
    <subfield code="b">NALT</subfield>
    <subfield code="g">120.00</subfield>
    <subfield code="l">0</subfield>
    <subfield code="o">KE 152 &#xE2A;413&#xE04; 2548 &#xE25;.4</subfield>
    <subfield code="p">3961167666</subfield>
    <subfield code="r">2017-06-09 00:00:00</subfield>
    <subfield code="t">&#xE25;. 2 &#xE09;. 4</subfield>
    <subfield code="v">170.00</subfield>
    <subfield code="w">2017-06-09</subfield>
    <subfield code="y">LB</subfield>
  </datafield>
</record>
